000 00599aam a2200205 4500
001 7372
003 Uk
005 20250612145409.0
006 m || d |
007 cr |||||||||||
008 040401s2004 enka ob 001 0 eng
020 _a9780300070163
082 0 4 _a303.482 SCO
100 1 _aScott, James C.
245 1 0 _aSeeing like a state :
_bhow certain schemes to improve human condition have failed.
260 _aLondon :
_bYale University Press,
_c1998.
300 _aix, 435 p. :
_bill, :
_c25 cm.
504 _aIncludes bibliographical references and index.
942 _2ddc
_cMAIN
999 _c10359
_d10360